Вып. 70; Прикладная геофизика

Λεπτομέρειες βιβλιογραφικής εγγραφής
Parent link:Прикладная геофизика: сборник/ Всесоюзный научно-исследовательский институт геофизических методов разведки (ВНИИГеофизика). Вып. 70.— , 1945-1990
Γλώσσα:Ρωσικά
Έκδοση: 1973
Θέματα:
Μορφή: Βιβλίο
KOHA link:https://koha.lib.tpu.ru/cgi-bin/koha/opac-detail.pl?biblionumber=353968

MARC

LEADER 00000nam2a2200000 4500
001 353968
005 20231102010638.0
035 |a (RuTPU)RU\TPU\retro\11226 
035 |a RU\TPU\retro\11221 
090 |a 353968 
100 |a 20200609d1973 k y0rusy5003 ca 
101 0 |a rus 
102 |a RU 
105 |a a z 001zy 
200 0 |a Вып. 70 
210 |d 1973 
215 |a 248 с.  |c ил. 
320 |a Библиография в конце статей 
461 1 |0 (RuTPU)RU\TPU\book\189489  |t Прикладная геофизика  |o сборник  |f Всесоюзный научно-исследовательский институт геофизических методов разведки (ВНИИГеофизика)  |v Вып. 70  |d 1945-1990 
606 1 |a Геофизика прикладная  |2 stltpush  |3 (RuTPU)RU\TPU\subj\6256  |9 34184 
610 1 |a неидеально-упругие среды 
610 1 |a коэффициенты отражения 
610 1 |a сейсмографы 
610 1 |a фильтры 
610 1 |a метод ОГТ 
610 1 |a приближенные расчеты 
610 1 |a годографы 
610 1 |a Восточно-Европейская платформа 
610 1 |a докембрий 
610 1 |a магнитометры 
610 1 |a аэрогравиметрическая съемка 
610 1 |a магнитные аномалии 
610 1 |a статистический анализ 
610 1 |a Русская плита 
675 |a 550.83  |z rus  |v 3 
801 0 |a RU  |b RuMRKP  |c 19950417  |g psbo 
801 1 |a RU  |b 63413507  |c 20120823 
801 2 |a RU  |b 63413507  |c 20200611  |g RCR 
942 |c BK